000 00768nam a2200253Ia 4500
003 OSt
005 20220927110639.0
006 a|||||r|||| 00| 0
007 ta
008 220926b |||||||| |||| 00| 0 eng d
024 _a72545
037 _cReports
040 _aRTL
_cRTL
_beng
041 _2eng
_aeng
082 _a"X9.23182r, GD"
110 _a"Baroda, Government of ..... Commerce, Industries and Labour (Department of....)"
_9379566
245 0 _aAnnual report
260 _aBaroda
_bState Press India
490 _v1931-32
650 _aIndustrial Economics
700 _a"Baroda, Government of ..... Commerce, Industries and Labour (Department of....)"
_9379567
942 _h"X9.23182r, GD"
_cCC
999 _c697499
_d697499